Teatres particulars a Barcelona en el segle XVIIIe / (Record no. 50725)
[ view plain ]
| 000 -LEADER | |
|---|---|
| campo de control de longitud fija | 00484nam a2200157 i 4500 |
| 001 - NÚMERO DE CONTROL | |
| campo de control | 50725 |
| 003 - IDENTIFICADOR DE NÚMERO DE CONTROL | |
| campo de control | ES-MaACL |
| 007 - CAMPO FIJO DE DESCRIPCIÓN FÍSICA--INFORMACIÓN GENERAL | |
| campo de control de longitud fija | t| |
| 008 - DATOS DE LONGITUD FIJA--INFORMACIÓN GENERAL | |
| campo de control de longitud fija | 030806s1935 sp ||||1| cat d |
| 100 1# - ENTRADA PRINCIPAL--NOMBRE DE PERSONA | |
| Nombre de persona | Curet, Francisco. |
| 9 (RLIN) | 42206 |
| 245 10 - MENCIÓN DEL TÍTULO | |
| Título | Teatres particulars a Barcelona en el segle XVIIIe / |
| Mención de responsabilidad, etc. | Francesc Curet. |
| 260 ## - PUBLICACIÓN, DISTRIBUCIÓN, ETC. | |
| Lugar de publicación, distribución, etc. | Barcelona : |
| Nombre del editor, distribuidor, etc. | Institució del Teatre, |
| Fecha de publicación, distribución, etc. | 1935 ( |
| Fabricante | Casa de Caritat) |
| 300 ## - DESCRIPCIÓN FÍSICA | |
| Extensión | 135 p. ; |
| Dimensiones | 17 cm. |
| 710 2# - ENTRADA AGREGADA--NOMBRE DE ENTIDAD CORPORATIVA | |
| Nombre de entidad corporativa o nombre de jurisdicción como elemento de entrada | Institució del Teatre. |
| 9 (RLIN) | 4707 |
| 852 ## - LOCALIZACIÓN | |
| Ubicación | ES-MaACL |
| Número de control de estantería | C-8533 |
| Estatus retirado | Estado de pérdida | Estado de daño | No para préstamo | Biblioteca de origen | Biblioteca actual | Ubicación en estantería | Fecha de adquisición | Fuente de adquisición | Total de préstamos | Signatura topográfica completa | Código de barras | Visto por última vez | Precio de reemplazo | Tipo de ítem Koha |
|---|---|---|---|---|---|---|---|---|---|---|---|---|---|---|
| Biblioteca del Ateneo de Madrid | Biblioteca del Ateneo de Madrid | Sala Palomar | 17/01/2008 | C-8533 | 1053352 | 23/02/2023 | 23/02/2023 | Libro impreso |
